Станции метро Желтой ветки (8а) Москвы - Statistics

General Stats
  • This quiz has been taken 29 times
  • The average score is 12 of 14
Answer Stats
Название % Correct
Солнцево
93%
Деловой центр
89%
Парк Победы
85%
Озёрная
85%
Новопеределкино
85%
Рассказовка
85%
Мичуринский проспект
81%
Говорово
81%
Боровское шоссе
81%
Пыхтино
81%
Аэропорт Внуково
81%
Минская
78%
Ломоносовский проспект
78%
Раменки
78%
No matching quizzes found
Score Distribution
Percent of People with Each Score
Percentile by Number Answered
Your Score History
You have not taken this quiz